000 00401nam a2200157Ia 4500
008 230718s9999 xx 000 0 und d
041 _aeng
082 _a004.6
_bVED
100 _aVedpuriswar A.V.
_9108086
245 _aCase Studies IT Sector
260 _c2005
_bICFAI Books
300 _a215
365 _cRs.
_b350.00
700 _aVedpuriswar A.V.
_9108086
906 _d12/4/06/IPRESS/2006
_cIT
999 _c313481
_d313481